000
00262nam a22001217a 4500
008
170905b xxu||||| |||| 00| 0 eng d
041
_a
alb
080
_a
615
100
_a
05
101
_a
FAR
245
_a
FARMAKOLOGJI KLINIKE
_c
LAURENCE,D.H
942
_2
udc
_c
BK
999
_c
26104
_d
26104